000 00653nam a2200289Ia 4500
005 20260324120721.0
008 008 260324s9999 xx 000 0 eng d
020 _a9781315852133
037 _aEBOOK
040 _aCRL
040 _beng
040 _cCRL
041 _2eng
041 _aeng
084 _qCRL
100 _aHosn Abboud
_91159688
245 0 _aMary in the Qur'an
245 2 _bA Literary Reading
260 _bTaylor and Francis
260 _c2014
365 _a
365 _b240
856 _uhttp://www.taylorfrancis.com/books/9781315852133
942 _cEBOOK
999 _c1751363
_d1751363